000 00479nam a2200193Ia 4500
003 0100
008 130307s9999 xx 000 0 und d
040 _cARRUPELIB
050 _aPR4141.S2 1908
100 _aBlake, William
245 4 _aThe poetical works of William Blake
260 _aLondon
260 _bOxford UP
260 _c1908
300 _a453p
650 _bEthics -- French moralists
700 _aed. with an introd. and notes by John Sampson
942 0 0 _02
999 _c90194
_d90194